| 000 | 00928cam a2200301 i 4500 | ||
|---|---|---|---|
| 999 |
_c200451390 _d69602 |
||
| 003 | TR-AnTOB | ||
| 005 | 20230213151036.0 | ||
| 007 | ta | ||
| 008 | 191128s2019 tu a 000 0 tur u | ||
| 020 | _a9786058082052 | ||
| 040 |
_aTEDU _beng _erda _cTR-AnTOB _dTR-AnTOB |
||
| 041 | 0 | _atur | |
| 050 | 1 | 4 |
_aHT108.5 _b.Y54 2019 |
| 090 |
_aHT108.5 _b.Y54 2019 |
||
| 100 | 1 |
_aYıldırım, Selahattin _998170 _eauthor |
|
| 245 | 1 | 0 |
_aAnsiklopedik kent sözlüğü / _cSelahattin Yıldırım. |
| 250 | _a1 Baskı. | ||
| 264 | 1 |
_aİstanbul: _bMarmara Belediyeler Birliği, _c2019. |
|
| 300 |
_a351 pages : _billustrations ; _c23 cm |
||
| 336 |
_atext _btxt _2rdacontent |
||
| 337 |
_aunmediated _bn _2rdamedia |
||
| 338 |
_avolume _bnc _2rdacarrier |
||
| 490 | 0 |
_aMarmara Belediyeler Birliği ; _v119 |
|
| 504 | _aBIB | ||
| 650 | 7 |
_aSosyoloji, Kent _2etuturkob _979416 |
|
| 942 |
_2lcc _cBK |
||